| 000 | 00000nam 2200000zi 4500 |
| 001 | 9.933939 |
| 003 | CaOODSP |
| 005 | 20250616155155 |
| 006 | m o d f |
| 007 | cr mn||||||||| |
| 008 | 240214e20230425oncad ob f|0| 0 fre d |
| 040 | |aCaOODSP|bfre|erda|cCaOODSP |
| 043 | |an-cn--- |
| 086 | 1 |aFR5-225/2023F-PDF |
| 245 | 00|aÉvaluation des Programmes d’aide au renforcement des capacités de lutte contre la criminalité et des capacités antiterroristes 2015-2016 à 2021-2022 : |brapport d’évaluation / |cpréparé par la Direction de l’évaluation (PRA), Affaires mondiales Canada. |
| 264 | 1|a[Ottawa] : |bAffaires mondiales Canada = Global Affairs Canada, |c25 avril 2023. |
| 300 | |a1 ressource en ligne (38 pages) : |billustrations, graphiques + |esommaire d’évaluation (1 page non numérotée) + réponse et plan d'action de la direction (3 pages) |
| 336 | |atexte|btxt|2rdacontent/fre |
| 337 | |ainformatique|bc|2rdamedia/fre |
| 338 | |aressource en ligne|bcr|2rdacarrier/fre |
| 500 | |aTitre de la couverture. |
| 500 | |aPublié aussi en anglais sous le titre : Evaluation of the Anti-Crime and Counter-Terrorism Capacity Building Programs 2015-16 to 2021-22 : evaluation report. |
| 504 | |aComprend des références bibliographiques. |
| 520 | |a« La présente évaluation a porté sur les programmes d’aide au renforcement des capacités de lutte contre la criminalité et des capacités antiterroristes d’Affaires mondiales Canada pour la période de 2015-2016 à 2021-2022. L’objectif était de déterminer dans quelle mesure ces programmes en cours étaient adaptés à la mise en place d’une approche réactive et souple du renforcement des capacités en matière de sécurité. Ce rapport présente les résultats, les conclusions, les recommandations et les considérations visant à améliorer les connaissances ministérielles et le programme » -- Sommaire exécutif, page 4. |
| 610 | 16|aCanada. |bAffaires mondiales Canada|xÉvaluation. |
| 650 | 6|aTerrorisme|xPrévention|xÉvaluation. |
| 650 | 6|aSécutité internationale. |
| 650 | 6|aAide de l'État à la prévention du terrorisme|zCanada. |
| 710 | 1 |aCanada. |bAffaires mondiales Canada, |eorganisme de publication. |
| 775 | 08|tEvaluation of the Anti-Crime and Counter-Terrorism Capacity Building Programs 2015-16 to 2021-22 : |w(CaOODSP)9.933070 |
| 856 | 40|qPDF|s2.45 Mo|uhttps://publications.gc.ca/collections/collection_2024/amc-gac/FR5-225-2023-fra.pdf|zRapport d’évaluation |
| 856 | 40|qPDF|s151 Ko|uhttps://publications.gc.ca/collections/collection_2024/amc-gac/FR5-225-2023-1-fra.pdf|zSommaire d’évaluation |
| 856 | 40|qPDF|s126 Ko|uhttps://publications.gc.ca/collections/collection_2024/amc-gac/FR5-225-2023-2-fra.pdf|zRéponse et plan d'action de la direction |
| 856 | 4 |qHTML|sS.O.|uhttps://www.international.gc.ca/transparency-transparence/audit-evaluation-verification/2023/acctcbp-report.aspx?lang=fra|zRapport d’évaluation |